Movies Quiz

Random Movies or Oscar Quiz
Score 0/28 Timer 03:00
0 Plays Today
% Correct
Beauty and the Beast
94.3%
Beauty and the Beast
94.3%
Frozen
93.6%
The Lion King
90.9%
The Lion King
90.3%
Beauty and the Beast
89.4%
The Jungle Book
89.2%
The Lion King
88.6%
The Little Mermaid
87.7%
Saludos Amigos
86.4%
The Little Mermaid
84.5%
Pocahontas
84.4%
Cinderella
84.1%
Aladdin
78.9%
% Correct
Aladdin
78.7%
Pinocchio
71.9%
Frozen II
71%
Moana
70.9%
Hercules
63.3%
The Princess and the Frog
62.7%
Tarzan
61.2%
The Princess and the Frog
60.7%
Tangled
57%
Dumbo
53%
The Emperor's New Groove
33.6%
The Rescuers
30.7%
Bambi
27%
Robin Hood
22.7%
Remove Ads.
Support Sporcle.
Get the best of Sporcle when you Go Orange. This ad-free experience offers more features, more stats, and more fun while also helping to support Sporcle. Thank you for becoming a member.

You're not logged in!

Compare scores with friends on all Sporcle quizzes.
OR
Log In

Show Comments

Extras

Top Quizzes Today


Score Distribution

Your Account Isn't Verified!

In order to create a playlist on Sporcle, you need to verify the email address you used during registration. Go to your Sporcle Settings to finish the process.

Report this User

Report this user for behavior that violates our Community Guidelines.

Details: